Statistics for Shake it Off - Taylor Swift Lyrics!!

Click here to take the quiz!

General Stats

  • This quiz has been taken 1,234 times
    (1,203 since last reset)
  • The average score is 403 of 494

Answer Stats

Hint Answer % Correct
I
100%
I
100%
I
100%
I
100%
I
100%
I
100%
I
100%
I
100%
I
100%
I
100%
I
100%
I
100%
I
100%
I
100%
I
100%
I
100%
I
100%
I
100%
I
100%
I
100%
I
100%
I
100%
I
100%
I
100%
I
100%
I
100%
I
100%
I
100%
I
100%
I
100%
I
100%
I
100%
I
100%
I
100%
I
100%
I
100%
I
100%
go
96%
go
96%
a
95%
shake
94%
it
94%
shake
94%
shake
94%
it
94%
shake
94%
shake
94%
shake
94%
shake
94%
it
94%
shake
94%
it
94%
shake
94%
to
94%
shake
94%
shake
94%
shake
94%
shake
94%
shake
94%
shake
94%
shake
94%
to
94%
shake
94%
of
94%
shake
94%
shake
94%
shake
94%
shake
94%
shake
94%
shake
94%
shake
94%
shake
94%
it
94%
shake
94%
it
94%
shake
94%
shake
94%
it
94%
shake
94%
shake
94%
shake
94%
shake
94%
it
94%
shake
94%
it
94%
it
94%
shake
94%
it
94%
shake
94%
shake
94%
it
94%
it
94%
it
94%
shake
94%
shake
94%
it
94%
it
94%
shake
94%
shake
94%
it
94%
shake
94%
shake
94%
shake
94%
it
94%
shake
94%
it
94%
shake
94%
it
94%
it
94%
shake
94%
shake
94%
it
94%
shake
94%
shake
94%
it
94%
shake
94%
it
94%
shake
94%
shake
94%
it
94%
shake
94%
shake
94%
shake
94%
it
94%
shake
94%
shake
94%
shake
94%
it
94%
shake
94%
shake
94%
shake
94%
shake
94%
it
94%
shake
94%
shake
94%
it
94%
it
94%
shake
94%
it
94%
shake
94%
shake
94%
it
94%
shake
94%
it
94%
it
94%
my
93%
the
93%
my
93%
the
93%
the
93%
the
93%
the
93%
my
93%
the
93%
the
93%
the
93%
my
93%
my
93%
the
93%
the
93%
the
93%
the
93%
the
93%
the
93%
my
93%
the
93%
my
93%
off
91%
off
91%
off
91%
off
91%
off
91%
off
91%
off
91%
off
91%
off
91%
off
91%
off
91%
off
91%
off
91%
off
91%
off
91%
off
91%
off
91%
off
91%
off
91%
off
91%
off
91%
off
91%
off
91%
off
91%
off
91%
off
91%
off
91%
off
91%
off
91%
off
91%
off
91%
off
91%
off
91%
off
91%
gonna
89%
gonna
89%
gonna
89%
gonna
89%
gonna
89%
gonna
89%
gonna
89%
gonna
89%
gonna
89%
gonna
89%
gonna
89%
gonna
89%
gonna
89%
gonna
89%
gonna
89%
gonna
89%
gonna
89%
gonna
89%
gonna
89%
gonna
89%
gonna
89%
on
88%
on
88%
in
88%
in
88%
on
88%
on
88%
in
88%
just
87%
what
87%
say
87%
be
87%
what
87%
just
87%
what
87%
say
87%
what
87%
just
87%
what
87%
what
87%
what
87%
just
87%
just
87%
say
87%
what
87%
just
87%
say
87%
be
87%
just
87%
just
87%
and
86%
and
86%
and
86%
and
86%
and
86%
too
86%
and
86%
and
86%
and
86%
and
86%
too
86%
and
86%
and
86%
that's
85%
hate
85%
hate
85%
got
85%
hate
85%
hate
85%
hate
85%
hate
85%
hate
85%
hate
85%
hate
85%
hate
85%
can
85%
that's
85%
that's
85%
got
85%
that's
85%
got
85%
that's
85%
hate
85%
hate
85%
hate
85%
that's
85%
hate
85%
hate
85%
that's
85%
that's
85%
I'm
84%
man
84%
I'm
84%
I'm
84%
I'm
84%
I'm
84%
I'm
84%
I'm
84%
I'm
84%
I'm
84%
but
83%
haters
83%
but
83%
haters
83%
stay
83%
haters
83%
people
83%
but
83%
people
83%
stay
83%
but
83%
people
83%
people
83%
play
82%
play
82%
play
82%
play
82%
play
82%
play
82%
play
82%
play
82%
play
82%
late
82%
play
82%
play
82%
play
82%
play
82%
play
82%
can't
81%
nothing
81%
like
81%
can't
81%
like
81%
can't
81%
like
81%
players
80%
brain
80%
players
80%
players
80%
stop
78%
won't
78%
stop
78%
this
78%
"oh
78%
won't
78%
stop
78%
won't
78%
stop
78%
this
78%
this
78%
many
77%
its
77%
it's
77%
make
77%
make
77%
its
77%
it's
77%
dates
76%
moving
75%
out
75%
out
75%
keep
74%
keep
74%
them
74%
alright
73%
music
73%
mind
73%
mind
73%
alright
73%
music
73%
baby
72%
baby
72%
baby
72%
baby
72%
baby
72%
baby
72%
baby
72%
at
71%
you
70%
you
70%
'cause
69%
saying
69%
saying
69%
'cause
69%
'cause
69%
don't
65%
don't
65%
they
65%
they
65%
they
65%
they
65%
don't
65%
don't
65%
beat
64%
up
64%
beat
64%
least
63%
ex
63%
there
63%
girlfriend
62%
with
61%
over
61%
god"
61%
new
61%
over
61%
grooving
60%
fake
59%
see
59%
see
59%
fake
59%
fake
59%
fake
59%
fake
59%
fake
59%
fake
59%
fake
59%
hair
59%
fake
59%
good
59%
fake
59%
fake
59%
fake
59%
fake
59%
fake
59%
fake
59%
mm
58%
break
58%
mm
58%
break
58%
break
58%
mm
58%
mm
58%
mm
58%
break
58%
know
58%
break
58%
fakers
58%
know
58%
mm
58%
mm
58%
mm
58%
break
58%
break
58%
break
58%
his
58%
break
58%
fakers
58%
hella
58%
fakers
58%
break
58%
we
58%
break
58%
break
58%
break
58%
break
58%
break
58%
fella
57%
as
55%
come
54%
dancing
54%
own
54%
feet
54%
heartbreakers
53%
heartbreakers
53%
heartbreakers
53%
cruising
52%
moves
52%
cruising
52%
sick
51%
brought
51%
down
50%
she's
50%
down
50%
never
49%
hey
49%
hey
49%
hey
49%
miss
48%
been
46%
lightning
46%
been
46%
getting
45%
getting
45%
dirty
44%
dirty
44%
world
42%
cheats
42%
liars
41%
think
40%
about
39%
you've
38%
while
38%
could've
36%

Score Distribution

Percentile by Number Answered

Percent of People with Each Score

Your Score History

You have not taken this quiz since the last reset